000 00412cam a2200181ua 4500
001 9257
008 150224n ii |||gr||||Z||||||asm
040 _cMAIN
041 _aasm
082 _a330
100 _aDhar, P. Kr.,
_eAuthor.
245 1 _aEconomics :
_bVol Ii /
_cBy P. Kr. Dhar .
250 _a1st.
260 _aBongaigaon:
_bAshomi,
_c2004.
300 _a320p.
653 _aEconomics
942 _cBK
999 _c8324
_d8324